| 000 -CABECERA |
| Longitud fija campo de control |
00666cam a2200205 i 4500 |
| 003 - IDENTIFICADOR DEL NÚMERO DE CONTROL |
| Identificador del número de control |
OSt |
| 005 - FECHA Y HORA DE LA ÚLTIMA TRANSACCIÓN |
| Fecha y hora de la última transacción |
20191121105530.0 |
| 008 - CÓDIGOS DE INFORMACIÓN DE LONGITUD FIJA |
| Códigos de información de longitud fija |
191121e201806 spc|||| |||| 000 0dspa|d |
| 020 ## - NÚMERO INTERNACIONAL NORMALIZADO PARA LIBROS |
| Número Internacional Normalizado para Libros (ISBN) |
9788491802167 |
| 040 ## - FUENTE DE LA CATALOGACIÓN |
| Centro catalogador de origen |
ES-BaUOC |
| Lengua de catalogación |
cat |
| Centro transcriptor |
CDMR |
| 100 1# - PUNTO DE ACCESO PRINCIPAL-NOMBRE DE PERSONA |
| Nombre de persona |
Semir, Vladimir de, |
| Fechas asociadas al nombre |
1948- |
| 245 10 - MENCIÓN DE TÍTULO |
| Título |
De la linotipia al ordenador |
| Resto del título |
: crónica biográfica de 40 años de periodismo |
| Mención de responsabilidad, etc. |
/ Vladimir de Semir |
| 264 #1 - PRODUCCIÓN, PUBLICACIÓN , DISTRIBUCIÓN, FABRICACIÓN Y COPYRIGHT |
| Lugar de producción, publicación, distribución, fabricación |
Barcelona : |
| Nombre del productor, editor, distribuidor, fabricante |
UOC, |
| Fecha de de producción, publicación, distribución, fabricación o copyright |
2018 |
| 300 ## - DESCRIPCIÓN FÍSICA |
| Extensión |
213 p. ; |
| Dimensiones |
24 cm |
| 600 17 - PUNTO DE ACCESO ADICIONAL DE MATERIA - NOMBRE DE PERSONA |
| Nombre de persona |
Semir, Vladimir de, |
| Fechas asociadas al nombre |
1948- |
| Fuente de encabezamiento o te&ecute,rmino |
lemac |
| 650 04 - PUNTO DE ACCESO ADICIONAL DE MATERIA - TÉRMINO DE MATERIA |
| Término de materia o nombre geográfico como elemento inicial |
Mitjans de comunicació de massa |
| Subdivisión de materia general |
Història |
| 650 04 - PUNTO DE ACCESO ADICIONAL DE MATERIA - TÉRMINO DE MATERIA |
| Término de materia o nombre geográfico como elemento inicial |
Periodisme |
| Subdivisión de materia general |
Història |
| 650 #7 - PUNTO DE ACCESO ADICIONAL DE MATERIA - TÉRMINO DE MATERIA |
| Término de materia o nombre geográfico como elemento inicial |
Periodisme científic |
| Fuente del encabezamiento o término |
lemac |
| 942 ## - ENTRADA DE ELEMENTOS AGREGADOS (KOHA) |
| Koha [por defecto] tipo de item |
Monografies |
| Fuente de clasificaión o esquema |
|